|
|
|
|
| LEADER |
00000nab a2200000ua 4500 |
| 001 |
vtls010803481 |
| 003 |
SK-MaSNL |
| 005 |
20260305011025.0 |
| 008 |
230214s1968 xo |||||||||||||||||slo| |
| 035 |
|
|
|a (urnnbn)urn:nbn:sk:snk:ar-a03g6q
|
| 035 |
|
|
|a (uuid)38e8d4a2-7434-47c7-8efc-2a23afd20333
|
| 035 |
|
|
|a urn:nbn:sk:snk-ab591e
|
| 040 |
|
|
|a SNKBUCL
|b slo
|c SNKBUCL
|e AACR2
|
| 041 |
0 |
|
|a slo
|
| 044 |
|
|
|a xo
|c SK
|
| 100 |
1 |
|
|a Kreze, Alexander,
|d 1929-2018
|4 aut
|9 211984
|
| 245 |
1 |
0 |
|a VZÁJOMNÝ VZŤAH OBEZITY A HYPERTENZIE. III. ADRENOKORTIKÁLNA AKTIVITA
|c A. Kreze
|
| 773 |
0 |
|
|t Bratislavské lekárske listy
|g Roč. 50, č. 5 (1968), s. 618-629
|
| 954 |
|
|
|a odborná, vedecká literatúra pôvodná (slovenská)
|2 lita
|
| 958 |
|
|
|a OND
|
| 958 |
|
|
|a EUIPO
|
| 958 |
|
|
|a article3
|
| 999 |
|
|
|c 3250321
|d 3252251
|